| 000 | 00787nam a2200205 a 4500 | ||
|---|---|---|---|
| 001 | 000048977 | ||
| 005 | 20201002061547.0 | ||
| 008 | 190510s2016 dr a r 000 0 spa d | ||
| 020 | _a9789945585247 | ||
| 040 |
_aDO-SdBNP _bspa _cBNPHU |
||
| 082 |
_axxxx _bxxxx |
||
| 110 | 1 |
_aRepública Dominicana _bPoder Judicial _915992 |
|
| 245 | 1 | 0 |
_aJusticia y comunidad : _b¿qué es el Poder Judicial de República Dominicana / _ccolaboradores Julio Aníbal Suárez, Samuel Arias Arseno, Pedro A. Sánchez Rivera. |
| 260 |
_aSanto Domingo : _bPoder Judicial, _c2016. |
||
| 300 |
_a74 p. : _bil., ; _c28 cm. |
||
| 590 | _aInventariado, 2019/BT | ||
| 700 | 1 |
_aSuárez, Julio Aníbal, _ecol. _96537 |
|
| 700 | 1 |
_aArias Arseno, Samuel, _ecol. _976406 |
|
| 700 | 1 |
_aSánchez Rivera, Pedro A., _ecol. _976407 |
|
| 999 |
_c48465 _d48465 |
||